Robert Downey Jr. - Roles by Picture - Statistics

General Stats
  • This quiz has been taken 25 times
  • The average score is 6 of 59
Answer Stats
Picture Answer % Correct
Iron Man / Tony Stark
95%
Charles Spencer Chaplin
74%
Dr. John Dolittle
58%
Sherlock Holmes
37%
Kirk Lazarus / Hot LZ
21%
Patrick Pewterschmidt
16%
Puppy
16%
Blake Allen
11%
Harry Lockhart
11%
Jack Jericho
11%
Larry Beal
11%
Paul Avery
11%
Peter Highman
11%
Alex Finch
5%
Bill Bush
5%
Billy Covington
5%
Bruno Mussolini
5%
Charlie Rivers
5%
Clyde Pell
5%
Dan Dark
5%
David Barnes
5%
DDS SA John Royce
5%
Derek Lutz
5%
Dito Montiel
5%
Dr. Kozak
5%
Dr. Pete Graham
5%
Franz Mazur
5%
Hans
5%
Henry 'Hank' Palmer
5%
Ian
5%
James Barris
5%
Jerry
5%
Jerry Renfro
5%
Jimmy Parker
5%
Jim Scott
5%
Joe Wershba
5%
Julian Wells
5%
Lee
5%
Leo Wiggins
5%
Lionel Sweeney
5%
Lord Rivers
5%
Marvin
5%
Mr. Willowby
5%
Nathan Gardner
5%
Nick Penrose
5%
Peter Wright
5%
Ralph Carr
5%
Reed Richmond
5%
Robert Merivel
5%
Roger Baron
5%
Steve Lopez
5%
Steven Schwimmer
5%
Telephone Jack
5%
Terry Crabtree
5%
Terry Donager
5%
Thomas Reilly
5%
Tommy Larson
5%
Vivian Thompson
5%
Wayne Gale
5%
No matching quizzes found
Score Distribution
Percent of People with Each Score
Percentile by Number Answered
Your Score History
You have not taken this quiz